LDR 00673naa#a2200181#i#450# 001 EN\INFRA-M\bibl\117563 005 20260428225214.2 011 ## _a2500-0543 100 ## _a20260401b2026####ek#y0engy0150####ca 102 ## _aRU 200 1# _aRESEARCHER'S INFORMATION PORTFOLIO IN THE ERA OF ARTIFICIAL INTELLIGENCE _eJournal article 210 1# _aMoscow _cINFRA-M Academic Publishing LLC. _d2026 215 ## _a16 с. 608 ## _aJournal article _2local 675 ## _aНародное образование. Воспитание. Обучение. Организация досуга. 37 _z 700 #1 _aErofeeva _gMariya Aleksandrovna 700 #1 _aKuznetsov _gMaxim Yuryevich 856 4# _anaukaru.ru _u